000 00984nam a2200253 a 4500
001 BRCA_6596
005 20190320205523.0
008 081010c1964----ag-af#####---#000-0#spa-#
041 _aspa
044 _aag
050 4 _aND553
_b.P56 39 1964
245 1 0 _aTeodoro Géricault
_cmonografía por Antonio del Guercio ; traducción por Julio Gómez de la Serna ; el juicio del siglo XX, por Julio E. Payró.
260 _aArgentina
_bCodex
_c[1964]
300 _a1 v. (sin paginación)
_bil., 16 láminas a color
_c36 cm.
440 0 _aPinacoteca de los genios : la más grandiosa colección de arte del mundo
_v39
_916470
500 _aIncluye índice de las ilustraciones
500 _aDonación Dra. Elsa Barberena
600 1 4 _aGéricault, Teodoro
_d1791-1824
_qJean-Louis André Théodore Géricault
_916471
700 1 _aGuercio, Antonio del
_916472
700 1 _aPayró, Julio E.
_912065
700 1 _aGómez de la Serna, Jesús
_etr.
_916473
902 _aDEB
942 _2lcc
_cB
999 _c6280
_d6280